000 00597nam a2200217Ia 4500
003 GCL
008 140319s9999 xx 000 0 ara d
040 _aGCL /
_cGCL
082 0 4 _a932.094
_bع ا
100 1 _aعزيز خانكى
245 1 0 _aاسكندر الاكبر /
_cعزيز خانكى
260 _a[S.N] :
_bالمطبعة العصرية
300 _a148 ص
490 _a
650 0 4 _aتاريخ
650 0 4 _aمصر القديمة
650 0 4 _aالاسكندرية
650 0 4 _aالعصر اليونانى
650 0 4 _aالاسكندر الاكبر
942 _2ddc
_cBK
999 _c28257
_d28257